Data Visualization: (Record no. 216242)

MARC details
000 -LEADER
fixed length control field 00567nam a22001937a 4500
005 - DATE AND TIME OF LATEST TRANSACTION
control field 20260518142020.0
010 ## - LCCN (DPL NO)
LC control number ENG-148538
020 ## - INTERNATIONAL STANDARD BOOK NUMBER
International Standard Book Number 9789364440379
Terms of availability 695.00
035 ## - SYSTEM CONTROL NUMBER
System control number EN-132070
037 ## - SOURCE OF ACQUISITION
Source of stock number/acquisition DBAD
082 ## - DEWEY DECIMAL CLASSIFICATION NUMBER
Edition number 1
Classification number 005.8
100 ## - MAIN ENTRY--PERSONAL NAME
Personal name Behl, Ramesh
245 ## - TITLE STATEMENT
Title Data Visualization:
Remainder of title Using Power BI and Tableau/
Statement of responsibility, etc Ramesh Behl
250 ## - EDITION STATEMENT
Edition statement 1
260 ## - PUBLICATION, DISTRIBUTION, ETC. (IMPRINT)
Place of publication, distribution, etc Chennai
Name of publisher, distributor, etc McGraw Hill
Date of publication, distribution, etc 2026
270 ## - ADDRESS
Address 5/90 A, Butt Road, St. Thomas Mount
City Chennai
Postal code 600016
300 ## - PHYSICAL DESCRIPTION
Extent 388p.
Dimensions 27cm(pb)
Other physical details Index
942 ## - ADDED ENTRY ELEMENTS (KOHA)
Source of classification or shelving scheme Dewey Decimal Classification
Item type English Books
Classification part 005.8
Call number suffix BEH
Edition 1
Holdings
Withdrawn status Lost status Not for loan Collection code Home library Current library Date acquired Source of acquisition Cost, normal purchase price Full call number Barcode Copy number Cost, replacement price Koha item type
    Not For Loan Non-fiction D.B.Act.Division D.B.Act.Division 18/05/2026 Delivery of Books Act Division 695.00 005.8 BEH EN-132070 1 695.00 English Books

© Delhi Public Library
Hit Counter
free hit counter